Discernimiento y mediaciones socio-políticas / Joao B. Libanio

Gardado en:
Detalles Bibliográficos
Autor Principal: Libânio, João Batista (autor)
Formato: Libro
Series:Colección Ignaciana ; 8
Temas:
Etiquetas: Engadir etiqueta
Sen Etiquetas, Sexa o primeiro en etiquetar este rexistro!

MARC

LEADER 00000nam^a2200000^u^4500
001 000551058
005 20250521000000.0
008 060220s1000^^^^^^^^^^^^r^^^^^000^0^spa^d
009 20260310131547.899
022 |a 9706930663 
035 |a FMI 000020842 
037 |a Acervo Xavier Clavigero 
096 |a 4.4.1/47/B/v.8 
100 |a Libânio, João Batista  |e (autor) 
245 1 0 |a Discernimiento y mediaciones socio-políticas / Joao B. Libanio 
264 |a México : Obra Nacional de la Buena Prensa, 2000 
300 |a 46 p. 
336 |a texto  |b txt  |2 rdacontenido 
337 |a sin mediación  |b n  |2 rdamedio 
338 |a volumen  |b nc  |2 rdasoporte 
440 0 |a Colección Ignaciana ; 8 
649 |a XX 
650 |a Espiritualidad de la Compañía de Jesús 
910 |a Fondo Francisco Migoya Covarrubias S.J. 
920 |a Impresos - Libros 
930 |a Fondos Especiales 
905 |a 134 
901 |a SBC21562  |b IT2  |c ESP  |u 20250521 
902 |a https://opac.biblio.iteso.mx/vufind/Record/000551058